Θέματα σύγχρονης πολιτικής επιστήμης : πολιτική φιλοσοφία, πολιτική ψυχολογία, ευρωπαϊκή ολοκλήρωση

Αποθηκεύτηκε σε:
Λεπτομέρειες βιβλιογραφικής εγγραφής
Κύριος συγγραφέας: Βεντούρης, Νίκος
Μορφή: Βιβλίο
Γλώσσα:Greek
Δημοσίευση: Αθήνα : Παπαζήσης, 1978
Σειρά:Βιβλιοθήκη πολιτικής επιστήμης
Θέματα:
Ετικέτες: Προσθήκη ετικέτας
Δεν υπάρχουν, Καταχωρήστε ετικέτα πρώτοι!

MARC

LEADER 00000cam a2200000 i 4500
001 1/56169
008 960405s1978 gr | ||| |||| ||gre||
035 |l 10027977 
040 |a GR-MY-UA  |b gre  |e aacr 
041 0 |a gre 
082 0 |a 320 
100 1 |a Βεντούρης, Νίκος. 
245 1 0 |a Θέματα σύγχρονης πολιτικής επιστήμης :  |b πολιτική φιλοσοφία, πολιτική ψυχολογία, ευρωπαϊκή ολοκλήρωση /  |c Νίκου Βεντούρη 
260 |a Αθήνα :   |b Παπαζήσης,   |c 1978 
300 |a 196 σ. 
490 1 |a Βιβλιοθήκη πολιτικής επιστήμης 
504 |a Βιβλιογραφία: σ.192-196 
610 2 0 |a European Economic Community. 
650 0 0 |a Political science. 
650 0 0 |a Political psychology. 
830 0 |a Βιβλιοθήκη πολιτικής επιστήμης 
852 |a INST  |b CHIOS  |e 19960405  |h 320.1 BEN  |p 005200006046  |q 005200006046  |t BK  |y 0 
852 |a INST  |b LESVOS  |e 19960918  |h 320 ΒΕΝ  |p 005100007509  |q 005100007509  |t BK  |y 0 
909 |a Λ  |b 011046 
909 |a Χ  |b 000602